| 000 | 00492nam a2200193 4500 | ||
|---|---|---|---|
| 003 | SEACOMEC | ||
| 005 | 20240817134903.0 | ||
| 008 | 240212b |||||||| |||| 00| 0 eng d | ||
| 020 | _cRs.200.00 | ||
| 040 | _aSEACOMEC | ||
| 082 |
_a621.3815 _bS245 |
||
| 100 | _aSarkar,S.C. | ||
| 245 | 1 |
_aElectronic devices and circuits : vol-1 _cS.C. Sarkar |
|
| 250 | _a14th rev.ed. | ||
| 260 |
_aPune _bEverest _c2003 |
||
| 300 | _avol- 1 | ||
| 650 | _aTechnology,Components and circuit | ||
| 942 | _cBOOK | ||
| 999 |
_c626 _d626 |
||